عرض عادي عرض مارك
  • الدخيل، عبد العزيز بن إبراهيم

مدخل إسم شخص

عدد التسجيلات المستخدمة في: 1

001 - رقم الضبط

  • حقل الضبط: 104609

003 - معرف رقم الضبط

  • حقل الضبط: OSt

005 - تاريخ ووقت أخر عملية

  • حقل الضبط: 20220927161248.0

008 - عناصر بيانات ثابتة الطول

  • حقل تحكم ثابت الطول: 220927|| aca||aabn | a|a d

040 ## - مصدر الفهرسة

  • هيئة الفهرسة الأصلية: OSt
  • وكالة الكتابة: OSt

100 ## - مدخل -- أسم شخص

  • إسم شخص: الدخيل، عبد العزيز بن إبراهيم

670 ## - بيانات المصدر موجوده

  • الاستشهاد بالمصدر: Work cat.: (OSt): السفاريني، محمد بن أحمد بن سالم، 1114-1188 هـ. 3059, نتائج الأفكار في شرح حديث سيد الاستغفار /